LIBRARY & INFORMATION CENTRE, KCAET, TAVANUR

ONLINE PUBLIC ACCESS CATALOGUE (OPAC)

Crop Management and Soil Conservation, (Record no. 13760)

MARC details
000 -LEADER
fixed length control field 00479cam a2200169u 4500
020 ## - INTERNATIONAL STANDARD BOOK NUMBER
ISBN 9788176222204
082 ## - DEWEY DECIMAL CLASSIFICATION NUMBER
Classification number 631.46
Item number COX/CR
100 1# - MAIN ENTRY--AUTHOR NAME
Personal name Cox, Joseph Frank,
100 1# - MAIN ENTRY--AUTHOR NAME
Personal name Jackson, Layman Edson,
245 10 - TITLE STATEMENT
Title Crop Management and Soil Conservation,
250 ## - EDITION STATEMENT
Edition statement 2
260 ## - PUBLICATION, DISTRIBUTION, ETC. (IMPRINT)
Place of publication Delhi
Name of publisher Biotech Books
Year of publication 2011
300 ## - PHYSICAL DESCRIPTION
Number of Pages xxi, 572 p.
Other physical details incl. front., illus. (incl. maps) tables, diagrs.
650 #0 - SUBJECT ADDED ENTRY--TOPICAL TERM
Topical Term Agriculture
650 #0 - SUBJECT ADDED ENTRY--TOPICAL TERM
Topical Term Soils.
942 ## - ADDED ENTRY ELEMENTS (KOHA)
Koha item type Books
Holdings
Withdrawn status Lost status Damaged status Collection code Home library Current library Shelving location Date acquired Source of acquisition Cost, normal purchase price Full call number Accession Number Koha item type
      Non-fiction KAUAET KAUAET General Stacks 31/03/2012 Universal Research Books, Trichur 1800.00 631.46 COX/CR 23347 Books
        KAUAET KAUAET General Stacks 27/07/2016 Universal Research Books. 1800.00 631.46 COX/CR 24280 Books
free website counter